| 000 | 01028nac a22003131u 4500 | ||
|---|---|---|---|
| 003 | EG-ScBUE | ||
| 005 | 20250305094203.0 | ||
| 008 | 250305t2022 ii f 000 0 eng d | ||
| 020 | _a9789354659515 | ||
| 040 |
_aEG-ScBUE _beng _erda _cEG-ScBUE _dEG-ScBUE |
||
| 082 | 0 | 4 |
_a616.89 _bTRI _222 |
| 100 | 1 |
_aTripathi, Praveen, _eauthor. |
|
| 245 | 1 | 0 |
_aReview of psychiatry / _cPraveen Tripathi, MBBS MD director the renowa care, Noida, Gautam Buddha Nagar, Uttar Pradesh, India. |
| 250 | _aSeventh edition. | ||
| 264 | 1 |
_aNew Delhi : _bJaypee Brothers Medical Publishers, _c[2022] |
|
| 264 | 4 | _cc2022 | |
| 300 |
_a170 pages ; _b23 cm |
||
| 336 |
_2rdacontent _atext _btxt |
||
| 337 |
_2rdamedia _aunmediated _bn |
||
| 338 |
_2rdacarrier _avolume _bnc |
||
| 650 | 7 |
_aPsychiatry. _2BUEsh |
|
| 650 |
_aPsychiatry _xmethods. _2BUEsh |
||
| 650 | 7 |
_aMental Disorders. _2BUEsh |
|
| 650 | 7 |
_aPsychotherapy _xmethods. _2BUEsh |
|
| 653 |
_cFebruary2023 _bNNUR |
||
| 655 | _vReading book | ||
| 942 |
_cBB _2ddc |
||
| 999 |
_c30937 _d30908 |
||